[Event "29th ECh U20"]
[Site "Patras GRE"]
[Date "2001.07.17"]
[Round "2"]
[White "Kafka, Graeme"]
[Black "Jirka, Jiri"]
[Result "1/2-1/2"]
[WhiteElo "2104"]
[BlackElo "2292"]
[EventDate "2001.07.16"]
[PlyCount "123"]

1.e4 e5 2.Nf3 Nc6 3.Bb5 Nd4 4.Nxd4 exd4 5.O-O Bc5 6.d3 c6 7.Ba4 d6 8.f4 f5
9.Nd2 Nf6 10.e5 dxe5 11.fxe5 Nd5 12.Nf3 O-O 13.Bb3 h6 14.Qe2 Be6 15.Bd2 
Nc7 16.Bxe6+ Nxe6 17.Be1 Nf4 18.Qd2 Nd5 19.Bf2 Qb6 20.c3 dxc3 21.bxc3 
Bxf2+ 22.Rxf2 Rad8 23.d4 Qb5 24.Nh4 Qc4 25.Rc1 Ne7 26.Qb2 b5 27.Qa3 Rd7 
28.Rcf1 b4 29.Qxb4 Qxb4 30.cxb4 Rxd4 31.Nxf5 Nxf5 32.Rxf5 Rxf5 33.Rxf5 
Rxb4 34.e6 Rb7 35.Kf2 g6 36.Ra5 Kf8 37.Ra6 Rc7 38.Ke3 Ke7 39.Kd4 Kd6 40.
Kc4 Re7 41.a4 Rb7 42.g3 Rc7 43.Kd4 Re7 44.h3 Rc7 45.Kc4 Rb7 46.g4 Re7 47.
Kd4 Rc7 48.Kc4 Rb7 49.Kd4 Rh7 50.Ke4 Re7 51.Kd4 g5 52.Kc4 Rxe6 53.Rxa7 Re3
54.Rg7 Re4+ 55.Kd3 Rxa4 56.Rg6+ Kd5 57.Rxh6 Ra3+ 58.Kc2 c5 59.h4 gxh4 60.
Rxh4 Rg3 61.g5 Rxg5 62.Rh3 1/2-1/2

[Event "29th ECh U20"]
[Site "Patras GRE"]
[Date "2001.07.17"]
[Round "2"]
[White "Pilaj, Herwig"]
[Black "Zournatsidis, Evgenios"]
[Result "1-0"]
[WhiteElo "2297"]
[BlackElo "2098"]
[EventDate "2001.07.16"]
[PlyCount "93"]

1.d4 d5 2.Nf3 c6 3.c4 Nf6 4.Qb3 dxc4 5.Qxc4 e6 6.Bg5 Be7 7.Bxf6 Bxf6 8.e4 
b6 9.e5 Ba6 10.Qc2 Bxf1 11.Rxf1 Be7 12.Nc3 O-O 13.O-O-O b5 14.Kb1 Qa5 15.
Nd2 Nd7 16.f4 c5 17.d5 b4 18.d6 bxc3 19.dxe7 Rfe8 20.Nc4 Qc7 21.Qxc3 Rxe7 
22.Nd6 Rb8 23.Rf2 Nb6 24.Rc1 Na4 25.Qc4 Qa5 26.a3 h6 27.g4 Rc7 28.f5 Nb6 
29.Qb5 Qxb5 30.Nxb5 Rcb7 31.Nd6 Rc7 32.Nb5 Rcb7 33.Nd6 Rc7 34.f6 Nd7 35.
Nc4 Rb3 36.fxg7 Nb6 37.Nd6 c4 38.Ka2 Re3 39.Rcf1 Rxe5 40.Nxf7 Re4 41.Nd6 
Rxg4 42.Ne8 Rgxg7 43.Rf8+ Kh7 44.Nf6+ Kg6 45.Rg1+ Kf5 46.Ne8+ Rcf7 47.
Nxg7+ 1-0

[Event "29th ECh U20"]
[Site "Patras GRE"]
[Date "2001.07.17"]
[Round "2"]
[White "Le Roux, Jean-Pierre"]
[Black "Gengler, Pierre"]
[Result "1-0"]
[WhiteElo "2285"]
[BlackElo "2023"]
[EventDate "2001.07.16"]
[PlyCount "45"]

1.e4 c5 2.Nf3 Nc6 3.Bb5 Na5 4.c3 a6 5.Be2 Nf6 6.e5 Nd5 7.d4 cxd4 8.O-O e6 
9.cxd4 Qc7 10.Nbd2 Be7 11.Ne4 O-O 12.Bd3 f5 13.exf6 Nxf6 14.Bg5 Nd5 15.Rc1
Qd8 16.Qd2 b6 17.Ne5 Bb7 18.Bxe7 Qxe7 19.Ng5 Nf6 20.Rc7 Bc6 21.Qc2 h6 22.
Bh7+ Kh8 23.Ng6# 1-0

[Event "29th ECh U20"]
[Site "Patras GRE"]
[Date "2001.07.17"]
[Round "2"]
[White "Verkasalo, Tommi"]
[Black "Lazar, Ales"]
[Result "0-1"]
[WhiteElo "2037"]
[BlackElo "2259"]
[EventDate "2001.07.16"]
[PlyCount "56"]

1.e4 c5 2.Nc3 e6 3.f4 Nc6 4.Nf3 g6 5.e5 d5 6.exd6 Qxd6 7.g3 Nf6 8.Bg2 Bg7 
9.d3 O-O 10.O-O Nd5 11.Ne4 Qe7 12.Qe1 b6 13.g4 f5 14.gxf5 exf5 15.Neg5 Qd6
16.Nd2 Ne3 17.Nc4 Nxg2 18.Nxd6 Nxe1 19.Rxe1 Nd4 20.Re7 Nxc2 21.Rb1 h6 22.
Nf3 Ba6 23.Ne5 Rfd8 24.Nef7 Bxd3 25.Nxd8 Rxd8 26.Re8+ Rxe8 27.Nxe8 Bd4+ 
28.Kg2 Ne1+ 0-1

[Event "29th ECh U20"]
[Site "Patras GRE"]
[Date "2001.07.18"]
[Round "3"]
[White "Pert, Nicholas"]
[Black "Postny, Evgeny"]
[Result "1/2-1/2"]
[WhiteElo "2475"]
[BlackElo "2486"]
[EventDate "2001.07.16"]
[PlyCount "32"]

1.d4 g6 2.g3 Bg7 3.Bg2 c5 4.d5 d6 5.Nc3 Bxc3+ 6.bxc3 Qa5 7.Bd2 Nf6 8.e4 
Qa4 9.f3 b6 10.Qb1 Bd7 11.Qb3 Na6 12.Bh3 Nc7 13.Bxd7+ Qxd7 14.c4 e5 15.Ne2
O-O 16.O-O Rfb8 1/2-1/2

[Event "29th ECh U20"]
[Site "Patras GRE"]
[Date "2001.07.18"]
[Round "3"]
[White "Buhmann, Rainer"]
[Black "Berkvens, Joost"]
[Result "1-0"]
[WhiteElo "2498"]
[BlackElo "2444"]
[EventDate "2001.07.16"]
[PlyCount "51"]

1.d4 d5 2.c4 e6 3.Nc3 Nf6 4.Bg5 Be7 5.e3 O-O 6.cxd5 exd5 7.Qc2 Nbd7 8.Bd3 
Re8 9.Nf3 Nf8 10.h3 c6 11.O-O Bd6 12.Rfe1 Bd7 13.Rad1 Ng6 14.e4 dxe4 15.
Bxe4 Be7 16.Bd3 Be6 17.Rxe6 fxe6 18.Bxg6 hxg6 19.Re1 Nh7 20.Bxe7 Rxe7 21.
Qxg6 Rc8 22.Re5 Nf8 23.Qg4 Qe8 24.Ne4 Qg6 25.Qh4 Rce8 26.Rg5 1-0

[Event "29th ECh U20"]
[Site "Patras GRE"]
[Date "2001.07.18"]
[Round "3"]
[White "Flumbort, Andras"]
[Black "Lupulescu, Constantin"]
[Result "1/2-1/2"]
[WhiteElo "2372"]
[BlackElo "2465"]
[EventDate "2001.07.16"]
[PlyCount "44"]

1.Nf3 Nf6 2.c4 g6 3.Nc3 d5 4.cxd5 Nxd5 5.Qa4+ Nc6 6.Ne5 Nb4 7.a3 Bg7 8.
axb4 Bxe5 9.b5 Nd4 10.e3 Nf5 11.d4 Bg7 12.b6+ Bd7 13.bxc7 Qxc7 14.Bb5 e6 
15.Ne4 a6 16.Bxd7+ Qxd7 17.Qxd7+ Kxd7 18.Bd2 b6 19.Ke2 Nd6 20.Nxd6 Kxd6 
21.Rhc1 Kd7 22.Ra4 Ra7 1/2-1/2

[Event "29th ECh U20"]
[Site "Patras GRE"]
[Date "2001.07.18"]
[Round "3"]
[White "Ginzburg, Mikhail"]
[Black "Timofeev, Artiom"]
[Result "1/2-1/2"]
[WhiteElo "2274"]
[BlackElo "2521"]
[EventDate "2001.07.16"]
[PlyCount "130"]

1.e4 c5 2.Nf3 d6 3.d4 cxd4 4.Nxd4 Nf6 5.Nc3 e6 6.Be3 Be7 7.f3 Nc6 8.Qd2 
O-O 9.g4 d5 10.g5 Nxd4 11.Qxd4 Nd7 12.exd5 Bxg5 13.O-O-O exd5 14.Bxg5 
Qxg5+ 15.f4 Qh6 16.Nxd5 Nb6 17.Ne7+ Kh8 18.Nxc8 Raxc8 19.Rg1 Kg8 20.Rg3 
Rc6 21.Bb5 Re6 22.Kb1 Qf6 23.Qxf6 Rxf6 24.Rd4 g6 25.b3 Rc8 26.Bd3 Rc7 27.
f5 Nd7 28.fxg6 hxg6 29.Re3 Nc5 30.Bc4 Kg7 31.Re2 Rf3 32.Kb2 Rh3 33.a4 a5 
34.Ka3 f5 35.Rd8 Ne4 36.Bd3 Nf6 37.Bc4 f4 38.Be6 Re7 39.Rdd2 Re3 40.Bc4 f3
41.Rxe3 Rxe3 42.Rd3 Ng4 43.h3 Rxd3 44.Bxd3 Nf2 45.Bf1 g5 46.b4 Kh6 47.bxa5
Kh5 48.c4 Nxh3 49.c5 Nf4 50.Bc4 g4 51.c6 bxc6 52.a6 Nd5 53.Bxd5 cxd5 54.a7
f2 55.a8=Q f1=Q 56.Qxd5+ Kh4 57.Qd8+ Kh3 58.Qh8+ Kg2 59.a5 g3 60.Kb4 Qd3 
61.Qb2+ Kf1 62.Qa1+ Kf2 63.Qb2+ Ke1 64.Qa1+ Ke2 65.Qb2+ Kf1 1/2-1/2

[Event "29th ECh U20"]
[Site "Patras GRE"]
[Date "2001.07.18"]
[Round "3"]
[White "Korobov, Anton"]
[Black "Kumin, Simon"]
[Result "1-0"]
[WhiteElo "2470"]
[BlackElo "2313"]
[EventDate "2001.07.16"]
[PlyCount "49"]

1.d4 Nf6 2.c4 e6 3.Nf3 b6 4.g3 Ba6 5.Nbd2 Bb7 6.Bg2 c5 7.e4 cxd4 8.O-O d6 
9.Nxd4 Qd7 10.b3 Be7 11.Bb2 Nc6 12.Nc2 O-O 13.Qe2 Qc7 14.f4 Nd7 15.g4 Bf6 
16.Bxf6 Nxf6 17.g5 Nd7 18.Ne3 Nd4 19.Qf2 Nc5 20.Ng4 e5 21.f5 a6 22.Qh4 
Rfc8 23.Rae1 Nd7 24.f6 g6 25.Nh6+ 1-0

[Event "29th ECh U20"]
[Site "Patras GRE"]
[Date "2001.07.18"]
[Round "3"]
[White "Le Roux, Jean-Pierre"]
[Black "Berg, Emanuel"]
[Result "0-1"]
[WhiteElo "2285"]
[BlackElo "2496"]
[EventDate "2001.07.16"]
[PlyCount "78"]

1.e4 e6 2.d3 d5 3.Nd2 Nf6 4.Ngf3 Nc6 5.g3 dxe4 6.dxe4 e5 7.Bg2 Bc5 8.O-O 
O-O 9.Qe2 a5 10.Nc4 Qe7 11.Ne3 b6 12.Nd5 Qd6 13.Rd1 Ba6 14.Qe1 Nxd5 15.
Rxd5 Qe6 16.c3 Bc4 17.Nd2 Ba6 18.Nf3 Rad8 19.a3 Bc4 20.b4 Be7 21.b5 Na7 
22.Rxe5 Qd7 23.a4 c5 24.Bf1 Bxf1 25.Qxf1 Bf6 26.Bg5 Bxg5 27.Rxg5 Qe6 28.
Re5 Qb3 29.Qc1 f6 30.Re7 Nc8 31.Rb7 Rd3 32.Qf4 Nd6 33.Rxb6 Qxc3 34.Rc1 Qb2
35.Rxd6 Rxd6 36.Rxc5 Rd1+ 37.Kg2 Qe2 38.Nh4 h5 39.Rc7 Qf1+ 0-1

[Event "29th ECh U20"]
[Site "Patras GRE"]
[Date "2001.07.18"]
[Round "3"]
[White "Haznedaroglu, Kivanc"]
[Black "Poliakov, Dmitry"]
[Result "1-0"]
[WhiteElo "2345"]
[BlackElo "2267"]
[EventDate "2001.07.16"]
[PlyCount "81"]

1.e4 c5 2.Nf3 Nc6 3.d4 cxd4 4.Nxd4 Nf6 5.Nc3 e5 6.Ndb5 d6 7.Bg5 a6 8.Na3 
b5 9.Bxf6 gxf6 10.Nd5 f5 11.c3 Bg7 12.exf5 Bxf5 13.Nc2 O-O 14.Nce3 Be6 15.
Bd3 f5 16.Bc2 Ne7 17.Nxe7+ Qxe7 18.Bxf5 Bxf5 19.Nxf5 Qf6 20.g4 Kh8 21.Qxd6
Qg5 22.Qd1 b4 23.cxb4 Rxf5 24.gxf5 Qg2 25.Rf1 Qe4+ 26.Qe2 Qxb4+ 27.Qd2 
Qe4+ 28.Qe3 Qb4+ 29.Ke2 e4 30.Qb3 Qf8 31.Rad1 Rb8 32.Qd5 Rxb2+ 33.Rd2 
Rxd2+ 34.Kxd2 Qb4+ 35.Ke2 Qb2+ 36.Ke3 Bh6+ 37.f4 exf3+ 38.Kxf3 Qxh2 39.
Qd4+ Kg8 40.Rg1+ Kf8 41.Qd8+ 1-0

[Event "29th ECh U20"]
[Site "Patras GRE"]
[Date "2001.07.18"]
[Round "3"]
[White "Divaris, Kimon"]
[Black "Kujovic, Michal"]
[Result "0-1"]
[WhiteElo "2240"]
[BlackElo "2335"]
[EventDate "2001.07.16"]
[PlyCount "110"]

1.d4 d5 2.c4 e6 3.cxd5 exd5 4.Nc3 c6 5.Qc2 Bd6 6.Nf3 Ne7 7.e4 dxe4 8.Nxe4 
Bb4+ 9.Bd2 Bxd2+ 10.Qxd2 Bf5 11.Bd3 Bxe4 12.Bxe4 Nd7 13.O-O-O Nf6 14.Rhe1 
Nxe4 15.Rxe4 O-O 16.Qg5 f6 17.Qh5 Qd5 18.Qxd5+ Nxd5 19.Nh4 g6 20.g3 Rae8 
21.Rde1 Rxe4 22.Rxe4 Nb4 23.Kb1 Kf7 24.f4 Rd8 25.Nf3 Rd6 26.a3 Nd5 27.Kc2 
Nc7 28.Kb3 h6 29.Kc4 Rd8 30.Re1 g5 31.fxg5 hxg5 32.h4 g4 33.Nd2 f5 34.Nb3 
Nb5 35.Re3 Kf6 36.Kc5 Nd6 37.Nd2 Nb5 38.Nb3 Rd5+ 39.Kc4 Nd6+ 40.Kc3 b6 41.
a4 Ne4+ 42.Kc2 Kg6 43.Kc1 Kh5 44.Kc2 Rd6 45.Kd3 Nxg3 46.Rxg3 f4 47.Rg1 f3 
48.Ke3 Re6+ 49.Kf2 Re2+ 50.Kg3 f2 51.Rc1 f1=N+ 52.Rxf1 Re3+ 53.Kg2 Rxb3 
54.Rf6 Rxb2+ 55.Kg3 Rb3+ 0-1

[Event "29th ECh U20"]
[Site "Patras GRE"]
[Date "2001.07.18"]
[Round "3"]
[White "Paljusaj, Edmond"]
[Black "Castaldo, Folco"]
[Result "1/2-1/2"]
[WhiteElo "2230"]
[BlackElo "2304"]
[EventDate "2001.07.16"]
[PlyCount "46"]

1.e4 e6 2.d4 d5 3.Nd2 dxe4 4.Nxe4 Nd7 5.Nf3 Ngf6 6.Nxf6+ Nxf6 7.Bd3 c5 8.
dxc5 Bxc5 9.Bg5 Bd7 10.Qe2 h6 11.Bh4 Bc6 12.Ne5 Qd4 13.Bxf6 gxf6 14.Nxc6 
bxc6 15.O-O Rd8 16.Be4 Qxb2 17.Bxc6+ Kf8 18.Rfd1 Rxd1+ 19.Rxd1 f5 20.g3 
Kg7 21.Rd7 Qf6 22.Bf3 Re8 23.Qb5 Re7 1/2-1/2

[Event "29th ECh U20"]
[Site "Patras GRE"]
[Date "2001.07.18"]
[Round "3"]
[White "Mladenov, Svetlin"]
[Black "Tsiamis, Konstantinos"]
[Result "1/2-1/2"]
[WhiteElo "2306"]
[BlackElo "2217"]
[EventDate "2001.07.16"]
[PlyCount "114"]

1.e4 d5 2.exd5 Qxd5 3.Nc3 Qa5 4.d4 Nf6 5.Nf3 c6 6.Ne5 Be6 7.Nc4 Bxc4 8.
Bxc4 e6 9.Qe2 Nbd7 10.Bd2 Qc7 11.O-O-O O-O-O 12.Ne4 Nxe4 13.Qxe4 Nf6 14.
Qh4 h6 15.Bf4 Bd6 16.Bxd6 Qxd6 17.c3 Nd5 18.Qg3 Qxg3 19.hxg3 Nf6 20.f3 Rd7
21.g4 Rhd8 22.Rde1 Kc7 23.Re5 Rd6 24.g3 b6 25.Rf1 Nd7 26.Ree1 c5 27.dxc5 
Nxc5 28.Rd1 Rxd1+ 29.Rxd1 Rxd1+ 30.Kxd1 Kd6 31.Kd2 f6 32.b4 Nd7 33.Ke3 g5 
34.Kd4 Ne5 35.Be2 Nd7 36.f4 Nf8 37.Bd3 Nd7 38.a3 Nb8 39.Kc4 Kc6 40.Be4+ 
Kd6 41.Kb5 Kc7 42.Bf3 a6+ 43.Kc4 Kd6 44.Kd4 Nd7 45.c4 a5 46.Bg2 axb4 47.
axb4 e5+ 48.Ke4 exf4 49.gxf4 gxf4 50.Kxf4 Ne5 51.Kf5 Nxc4 52.Kxf6 Ne3 53.
Bf3 Nc2 54.Kg6 Nxb4 55.Kxh6 Nd3 56.g5 Ne5 57.g6 Nxg6 1/2-1/2

[Event "29th ECh U20"]
[Site "Patras GRE"]
[Date "2001.07.18"]
[Round "3"]
[White "Guseinov, Gadir"]
[Black "Verkasalo, Tommi"]
[Result "1-0"]
[WhiteElo "2456"]
[BlackElo "2037"]
[EventDate "2001.07.16"]
[PlyCount "87"]

1.e4 c5 2.Nf3 Nc6 3.Nc3 g6 4.d4 cxd4 5.Nxd4 Bg7 6.Be3 Nf6 7.Bc4 O-O 8.Bb3 
d6 9.f3 Bd7 10.Qd2 Qa5 11.O-O-O Rfc8 12.Kb1 Ne5 13.Bg5 Rxc3 14.Qxc3 Qxc3 
15.bxc3 Rc8 16.Rhe1 h6 17.Bc1 Rxc3 18.f4 Nc6 19.e5 Nxd4 20.Rxd4 Ne8 21.Rd2
Bf8 22.Bb2 Rc7 23.Re3 Bc6 24.Rg3 e6 25.f5 Kh7 26.fxe6 fxe6 27.Rf2 Bg7 28.
Bxe6 dxe5 29.Bf7 Nd6 30.Bxg6+ Kh8 31.Bd3 e4 32.Rxg7 Rxg7 33.Rf6 Rxg2 34.
Rxd6+ Kh7 35.Rxc6 Rg1+ 36.Bc1 bxc6 37.Bxe4+ Kg7 38.Bxc6 Kf6 39.Kb2 h5 40.
Be3 Re1 41.Bxa7 Re2 42.a4 Rxh2 43.a5 Rd2 44.Bc5 1-0

[Event "29th ECh U20"]
[Site "Patras GRE"]
[Date "2001.07.18"]
[Round "3"]
[White "Kafka, Graeme"]
[Black "Pert, Richard"]
[Result "0-1"]
[WhiteElo "2104"]
[BlackElo "2245"]
[EventDate "2001.07.16"]
[PlyCount "44"]

1.e4 g6 2.d4 Bg7 3.Nc3 c6 4.Bc4 d6 5.Qf3 e6 6.Nge2 Ne7 7.O-O d5 8.Bd3 Nd7 
9.Be3 O-O 10.Rfe1 b6 11.Nd1 e5 12.exd5 cxd5 13.dxe5 Nxe5 14.Qg3 Nxd3 15.
cxd3 Nf5 16.Qf3 Ba6 17.Bd2 d4 18.Bb4 Re8 19.b3 Rc8 20.Nb2 Rc2 21.Nc4 Nh4 
22.Qg4 h5 0-1

[Event "29th ECh U20"]
[Site "Patras GRE"]
[Date "2001.07.18"]
[Round "3"]
[White "Atakisi, Umut"]
[Black "Gengler, Pierre"]
[Result "0-1"]
[WhiteElo "2302"]
[BlackElo "2023"]
[EventDate "2001.07.16"]
[PlyCount "64"]

1.e4 c5 2.Nf3 Nc6 3.d4 cxd4 4.Nxd4 Nf6 5.Nc3 e5 6.Ndb5 d6 7.Bg5 a6 8.Na3 
b5 9.Bxf6 gxf6 10.Nd5 f5 11.exf5 Bxf5 12.c3 Bg7 13.Nc2 Be6 14.a4 O-O 15.
axb5 axb5 16.Rxa8 Qxa8 17.Nce3 Qb7 18.g4 Ne7 19.Nxe7+ Qxe7 20.Bg2 b4 21.c4
f5 22.gxf5 Bxf5 23.O-O Kh8 24.Qb3 e4 25.Nxf5 Rxf5 26.Qh3 Rf4 27.Ra1 Rf8 
28.Qe3 Qh4 29.Ra7 Qg4 30.Qxe4 Qd1+ 31.Bf1 Rg8 32.Qg2 Bf8 0-1

[Event "29th ECh U20"]
[Site "Patras GRE"]
[Date "2001.07.19"]
[Round "4"]
[White "Izoria, Zviad"]
[Black "Buhmann, Rainer"]
[Result "1-0"]
[WhiteElo "2486"]
[BlackElo "2498"]
[EventDate "2001.07.16"]
[PlyCount "103"]

1.Nf3 d5 2.d4 Nf6 3.c4 e6 4.Nc3 Nbd7 5.Bg5 Bb4 6.cxd5 exd5 7.Qc2 h6 8.Bh4 
c5 9.e3 Qa5 10.Bd3 O-O 11.O-O c4 12.Bf5 Re8 13.Nd2 b5 14.e4 dxe4 15.Ndxe4 
Bxc3 16.bxc3 Qb6 17.a4 Nxe4 18.Bxe4 Bb7 19.Bh7+ Kh8 20.Bf5 Qc6 21.f3 Nb6 
22.Be4 Rxe4 23.fxe4 Qg6 24.axb5 Bxe4 25.Qd2 Nd5 26.Ra6 f6 27.Bg3 h5 28.Re1
h4 29.Bxh4 Nxc3 30.Bg3 Nd5 31.Qa5 c3 32.b6 Nxb6 33.Qxc3 Nd5 34.Qb3 Rc8 35.
Re6 Nc3 36.Re7 Bd5 37.Qb2 a5 38.Rc7 Rxc7 39.Bxc7 a4 40.Re3 Nb5 41.Bg3 Bb3 
42.d5 Qh5 43.Qb1 Kg8 44.d6 Qc5 45.Qd3 Be6 46.Bf2 Qf5 47.Qxf5 Bxf5 48.Re8+ 
Kh7 49.Bc5 Kg6 50.Rb8 Bd7 51.Rb7 a3 52.Bxa3 1-0

[Event "29th ECh U20"]
[Site "Patras GRE"]
[Date "2001.07.19"]
[Round "4"]
[White "Berkvens, Joost"]
[Black "Smirnov, Pavel"]
[Result "1/2-1/2"]
[WhiteElo "2444"]
[BlackElo "2530"]
[EventDate "2001.07.16"]
[PlyCount "49"]

1.d4 Nf6 2.c4 g6 3.Nc3 Bg7 4.e4 d6 5.Nf3 O-O 6.Be2 e5 7.O-O Nc6 8.d5 Ne7 
9.b4 Nh5 10.Re1 f5 11.Ng5 Nf6 12.f3 c6 13.Be3 Bh6 14.h4 cxd5 15.cxd5 f4 
16.Bf2 Bxg5 17.hxg5 Nh5 18.Rc1 Bd7 19.Bb5 Bc8 20.Bd3 Bd7 21.Bb5 Bc8 22.Ba4
a6 23.b5 Kh8 24.bxa6 Rxa6 25.Bb5 1/2-1/2

[Event "29th ECh U20"]
[Site "Patras GRE"]
[Date "2001.07.19"]
[Round "4"]
[White "Lupulescu, Constantin"]
[Black "Stryjecki, Marek"]
[Result "0-1"]
[WhiteElo "2465"]
[BlackElo "2441"]
[EventDate "2001.07.16"]
[PlyCount "94"]

1.e4 d6 2.d4 Nf6 3.Nc3 g6 4.Nf3 Bg7 5.Be2 O-O 6.O-O c6 7.Re1 Nbd7 8.Bf4 
Qb6 9.Rb1 e5 10.dxe5 dxe5 11.Nxe5 Nxe5 12.Bxe5 Nxe4 13.Nxe4 Bxe5 14.Bc4 
Qc7 15.Ng3 b5 16.Bb3 Bb7 17.c4 Rae8 18.Qc2 a6 19.c5 Bc8 20.Rbd1 Bg4 21.f3 
Be6 22.Ne4 Bxb3 23.Qxb3 Bxh2+ 24.Kf1 Re6 25.Nd6 Bxd6 26.Rxe6 Bxc5 27.Rc1 
Ba7 28.Rexc6 Qh2 29.Rc8 Qh1+ 30.Ke2 Qxg2+ 31.Kd1 Be3 32.Rxf8+ Kxf8 33.Rc8+
Kg7 34.Qd5 Qf1+ 35.Kc2 Qc1+ 36.Kd3 Qxc8 37.Qe5+ Kg8 38.Qxe3 Qc4+ 39.Kd2 
Qd5+ 40.Kc3 h5 41.b3 h4 42.Qf4 h3 43.Kb4 Kg7 44.Ka5 Qd8+ 45.Kb4 Qe7+ 46.
Ka5 b4 47.Qg3 Qb7 0-1

[Event "29th ECh U20"]
[Site "Patras GRE"]
[Date "2001.07.19"]
[Round "4"]
[White "Mastrovasilis, Dimitrios"]
[Black "Korobov, Anton"]
[Result "0-1"]
[WhiteElo "2435"]
[BlackElo "2470"]
[EventDate "2001.07.16"]
[PlyCount "56"]

1.e4 c5 2.Nf3 d6 3.d4 cxd4 4.Nxd4 Nf6 5.Nc3 a6 6.Be3 e6 7.f3 b5 8.Qd2 Bb7 
9.O-O-O Nbd7 10.g4 h6 11.Bd3 Ne5 12.Rhe1 Rc8 13.h4 Nfd7 14.g5 hxg5 15.hxg5
g6 16.f4 Nxd3+ 17.Qxd3 Nc5 18.Qf1 b4 19.Nd5 Nxe4 20.Nxe6 fxe6 21.Bb6 Rh2 
22.Re2 Qd7 23.Rxh2 Bxd5 24.Bd4 Qa4 25.b3 Qxa2 26.Bb2 Nc3 27.Re1 Qb1+ 28.
Kd2 Ne4+ 0-1

[Event "29th ECh U20"]
[Site "Patras GRE"]
[Date "2001.07.19"]
[Round "4"]
[White "Postny, Evgeny"]
[Black "Haznedaroglu, Kivanc"]
[Result "1-0"]
[WhiteElo "2486"]
[BlackElo "2345"]
[EventDate "2001.07.16"]
[PlyCount "79"]

1.d4 d5 2.c4 c6 3.Nc3 Nf6 4.Nf3 dxc4 5.a4 Bf5 6.Nh4 e6 7.Nxf5 exf5 8.e3 
Bd6 9.Bxc4 O-O 10.Qf3 g6 11.h3 Re8 12.g4 f4 13.O-O Nbd7 14.exf4 Nb6 15.Bb3
Bc7 16.g5 Nh5 17.a5 Nc8 18.d5 c5 19.Ne4 Nd6 20.Nxc5 Nf5 21.d6 Qxd6 22.Nxb7
Qe7 23.Ra4 Rab8 24.Bd5 Bd6 25.Re4 Qc7 26.Rc4 Qe7 27.a6 Rbc8 28.Bc6 Nh4 29.
Qd5 Rxc6 30.Qxc6 Qe2 31.Nxd6 Nf3+ 32.Kg2 Nh4+ 33.Kg1 Nf3+ 34.Qxf3 Qxf3 35.
Rc3 Qe2 36.Nxe8 Qxe8 37.Be3 f6 38.Rfc1 Qe4 39.Rc8+ Kf7 40.R1c7+ 1-0

[Event "29th ECh U20"]
[Site "Patras GRE"]
[Date "2001.07.19"]
[Round "4"]
[White "Kujovic, Michal"]
[Black "Pert, Nicholas"]
[Result "1/2-1/2"]
[WhiteElo "2335"]
[BlackElo "2475"]
[EventDate "2001.07.16"]
[PlyCount "125"]

1.d4 e6 2.c4 f5 3.g3 Nf6 4.Bg2 Be7 5.Nh3 O-O 6.O-O d6 7.b3 c6 8.Nd2 e5 9.
dxe5 dxe5 10.Nf3 Qc7 11.Bb2 Ng4 12.Qc2 Na6 13.a3 Nc5 14.Nd2 Be6 15.b4 Nd7 
16.c5 Rac8 17.Rac1 Kh8 18.Rfd1 Bf6 19.Nc4 Bxc4 20.Qxc4 e4 21.Bxf6 Ndxf6 
22.Nf4 Ne5 23.Qc2 Rfe8 24.h4 Qf7 25.f3 Ng6 26.Nh3 Nd5 27.Qb3 h6 28.h5 Ne5 
29.fxe4 fxe4 30.Nf4 Nxf4 31.Qxf7 Nxe2+ 32.Kf2 Nxf7 33.Kxe2 Rc7 34.Rd4 Ng5 
35.Rcd1 Rce7 36.Rd8 Rxd8 37.Rxd8+ Kh7 38.Ke3 g6 39.g4 gxh5 40.gxh5 Kg7 41.
Rd6 Nh7 42.Rg6+ Kf7 43.Bf1 Nf6 44.Bc4+ Nd5+ 45.Bxd5+ cxd5 46.Rd6 Re5 47.b5
Kg7 48.Rg6+ Kf7 49.Rxh6 Kg7 50.Rd6 Rxh5 51.Kd4 Kf7 52.a4 Ke7 53.a5 Rh1 54.
Rxd5 Ra1 55.Rh5 Rxa5 56.Rh7+ Ke6 57.Kxe4 Ra4+ 58.Ke3 Rc4 59.c6 a6 60.bxa6 
Rxc6 61.a7 Rc3+ 62.Ke4 Ra3 63.Kd4 1/2-1/2

[Event "29th ECh U20"]
[Site "Patras GRE"]
[Date "2001.07.19"]
[Round "4"]
[White "Berg, Emanuel"]
[Black "Ginzburg, Mikhail"]
[Result "1-0"]
[WhiteElo "2496"]
[BlackElo "2274"]
[EventDate "2001.07.16"]
[PlyCount "61"]

1.e4 c5 2.Nf3 e6 3.d4 cxd4 4.Nxd4 a6 5.Bd3 Nc6 6.Nxc6 dxc6 7.O-O e5 8.Nd2 
Bd6 9.b3 Ne7 10.Bb2 Ng6 11.Nc4 Bc7 12.Qh5 Nf4 13.Qf3 Qg5 14.Ba3 h5 15.Bd6 
Bg4 16.Qe3 Be2 17.g3 Nh3+ 18.Kg2 Bxf1+ 19.Bxf1 Qxe3 20.fxe3 Bxd6 21.Nxd6+ 
Kd7 22.Nxf7 Rhf8 23.Nxe5+ Ke6 24.Ng6 Rf2+ 25.Kxh3 Kf6 26.Nf4 Rh8 27.e5+ 
Kg5 28.Be2 Re8 29.Rd1 Kf5 30.g4+ Ke4 31.Kg3 1-0

[Event "29th ECh U20"]
[Site "Patras GRE"]
[Date "2001.07.19"]
[Round "4"]
[White "Timofeev, Artiom"]
[Black "Pert, Richard"]
[Result "1-0"]
[WhiteElo "2521"]
[BlackElo "2245"]
[EventDate "2001.07.16"]
[PlyCount "125"]

1.e4 c5 2.Nf3 d6 3.d4 cxd4 4.Nxd4 Nf6 5.Nc3 g6 6.Be3 Bg7 7.f3 Nc6 8.Qd2 
Bd7 9.O-O-O Rc8 10.g4 O-O 11.h4 Ne5 12.h5 Qa5 13.Kb1 Nxf3 14.Nxf3 Rxc3 15.
Qxc3 Qxc3 16.bxc3 Bxg4 17.Bg2 Nxe4 18.Rd3 Nxc3+ 19.Kb2 Ne4+ 20.Kc1 Bxh5 
21.Nh4 Ng3 22.Re1 h6 23.Bd2 Bf6 24.Nf3 g5 25.Ng1 Nf5 26.Bxb7 Rb8 27.Rb3 
Nd4 28.Rb4 Be5 29.c3 a5 30.Rb1 Ne6 31.Bf3 Rxb1+ 32.Kxb1 g4 33.Be4 Kg7 34.
c4 a4 35.Ne2 Nc5 36.Bc2 Bg6 37.Nf4 Bxf4 38.Bxf4 e5 39.Be3 Ne6 40.Ba7 Bxc2+
41.Kxc2 h5 42.Kd3 f5 43.Bb8 Nc5+ 44.Kd2 Kf6 45.Bxd6 Ne4+ 46.Rxe4 fxe4 47.
Ke3 Kf5 48.Be7 Ke6 49.Bh4 Kd6 50.Kxe4 Kc5 51.Kd3 Kb4 52.Be1+ Kc5 53.a3 Kd6
54.Kc3 Kc6 55.Kb4 e4 56.c5 e3 57.Kc4 Kd7 58.Kd5 Kc7 59.c6 Kc8 60.Kd6 Kd8 
61.c7+ Kc8 62.Bg3 e2 63.Be1 1-0

[Event "29th ECh U20"]
[Site "Patras GRE"]
[Date "2001.07.19"]
[Round "4"]
[White "Poliakov, Dmitry"]
[Black "Guseinov, Gadir"]
[Result "0-1"]
[WhiteElo "2267"]
[BlackElo "2456"]
[EventDate "2001.07.16"]
[PlyCount "140"]

1.e4 c5 2.Nf3 Nc6 3.d4 cxd4 4.Nxd4 g6 5.c4 Bg7 6.Be3 Nf6 7.Nc3 O-O 8.Be2 
b6 9.O-O Bb7 10.f3 e6 11.Nxc6 Bxc6 12.Qd6 Ne8 13.Qd2 f5 14.exf5 gxf5 15.f4
Nf6 16.Rad1 Ng4 17.h3 Nxe3 18.Qxe3 Qe7 19.Bf3 Rac8 20.b3 Qc5 21.Qxc5 bxc5 
22.Bxc6 Rxc6 23.Rf3 Rd8 24.Kf1 h5 25.Rfd3 Kf8 26.Ne2 Ke7 27.Rg3 Bf6 28.Re3
Kf7 29.Red3 Ke7 30.Re3 h4 31.g4 hxg3 32.Nxg3 Kf7 33.Red3 Ke7 34.Re3 Kf7 
35.Red3 d6 36.Kg2 a5 37.Kf3 a4 38.Ne2 Ra6 39.Rh1 axb3 40.axb3 Bh4 41.Rb1 
Rb8 42.Nc3 Rg8 43.Ne2 Rb8 44.Nc3 Ra3 45.Nb5 Ra2 46.Nxd6+ Kf6 47.Rdd1 Rh2 
48.Rh1 Rf2+ 49.Ke3 e5 50.b4 exf4+ 51.Kd3 Rf3+ 52.Kc2 cxb4 53.Nb5 Rg8 54.
Rxb4 Rg2+ 55.Kb1 Re3 56.Nc7 Ke5 57.Nd5 Re1+ 58.Rxe1+ Bxe1 59.Rb8 Rg1 60.
Kc2 f3 61.Re8+ Kd4 62.Ne3 f4 63.Nf5+ Kc5 64.Re5+ Kb4 65.Rb5+ Ka4 66.Nd6 
Rg2+ 67.Kb1 f2 68.Ne4 Bb4 69.Nxf2 Rxf2 70.Rf5 Kb3 0-1

[Event "29th ECh U20"]
[Site "Patras GRE"]
[Date "2001.07.19"]
[Round "4"]
[White "Vallin, Guillaume"]
[Black "Divaris, Kimon"]
[Result "0-1"]
[WhiteElo "2359"]
[BlackElo "2240"]
[EventDate "2001.07.16"]
[PlyCount "60"]

1.d4 g6 2.e4 c6 3.Nc3 d5 4.e5 Nh6 5.f4 Bg4 6.Nf3 Nf5 7.Be2 Bxf3 8.Bxf3 h5 
9.Na4 e6 10.c3 Nd7 11.b4 a5 12.Nc5 axb4 13.cxb4 b6 14.Nd3 Nxd4 15.Bb2 Nf5 
16.Qd2 c5 17.a3 c4 18.Nc1 b5 19.Ne2 Nb6 20.Rc1 Be7 21.O-O Na4 22.Ba1 Qb6+ 
23.Kh1 Bd8 24.Bxd5 exd5 25.e6 O-O 26.Qxd5 Qxe6 27.Qxa8 Qxe2 28.Rfe1 Qf2 
29.Qb8 Ne3 30.Rg1 Ng4 0-1

[Event "29th ECh U20"]
[Site "Patras GRE"]
[Date "2001.07.19"]
[Round "4"]
[White "Castaldo, Folco"]
[Black "Tsiamis, Konstantinos"]
[Result "1/2-1/2"]
[WhiteElo "2304"]
[BlackElo "2217"]
[EventDate "2001.07.16"]
[PlyCount "39"]

1.Nf3 d5 2.d4 Bf5 3.c4 e6 4.Nc3 c6 5.Qb3 Qb6 6.c5 Qc7 7.Bf4 Qc8 8.e3 h6 9.
Be2 Nf6 10.O-O Nbd7 11.Qd1 Be7 12.b4 a6 13.h3 O-O 14.Rc1 Ne4 15.Na4 f6 16.
Nh4 Bh7 17.f3 Ng5 18.Bd3 Qe8 19.Bg3 Bxd3 20.Qxd3 1/2-1/2

[Event "29th ECh U20"]
[Site "Patras GRE"]
[Date "2001.07.19"]
[Round "4"]
[White "Zvan, Ziga"]
[Black "Jirka, Jiri"]
[Result "0-1"]
[WhiteElo "2168"]
[BlackElo "2292"]
[EventDate "2001.07.16"]
[PlyCount "63"]

1.e4 e5 2.Nf3 Nc6 3.Bc4 Nf6 4.Ng5 d5 5.exd5 Nd4 6.c3 b5 7.Bf1 Nxd5 8.Ne4 
Ne6 9.Bxb5+ Bd7 10.Bxd7+ Qxd7 11.d4 f5 12.Ng3 exd4 13.O-O g6 14.Re1 Bg7 
15.Nxf5 gxf5 16.Qh5+ Kd8 17.Qxf5 Nc5 18.Bg5+ Kc8 19.Qc2 Re8 20.Na3 d3 21.
Qd2 Rb8 22.Rxe8+ Qxe8 23.Re1 Qa4 24.Be3 Rxb2 25.Qxb2 Bxc3 26.Qc1 Bxe1 27.
Nb1 Nxe3 28.Qxe3 Bb4 29.h4 a6 30.Qh3+ Kb8 31.Qg4 a5 32.Nc3 0-1